[Event "RUS Cup tt"]
[Site "Sochi"]
[Date "2023.11.28"]
[Round "2.16"]
[White "Ponfilenok, Vladimir"]
[Black "Skripnik, Dmitry"]
[Result "1-0"]
[WhiteElo "2281"]
[BlackElo "1775"]
[PlyCount "119"]
[EventDate "2023.11.27"]
[EventType "team-swiss"]
[EventRounds "7"]
[EventCountry "RUS"]
[SourceTitle "CB49_2023"]
[SourceDate "2023.12.06"]
[SourceVersion "1"]
[SourceVersionDate "2023.12.06"]
[SourceQuality "1"]
[WhiteTeam "Russia Veterans"]
[BlackTeam "Sbornaya LNR"]
[WhiteTeamCountry "RUS"]
[BlackTeamCountry "RUS"]

1. d4 d5 2. Nf3 e6 3. g3 Nf6 4. Bg2 Be7 5. 0-0 0-0 6. c4 dxc4 7. Qc2 a6 8. a4 Nc6 9. Qxc4 Bd7 10. Bg5 h6 11. Bxf6 Bxf6 12. Nc3 Qe7 13. Ne4 Rac8 14. Rfd1 Rfd8 15. Nxf6+ Qxf6 16. Ne5 Nxe5 17. dxe5 Qxe5 18. Bxb7 Rb8 19. Bxa6 c5 20. Qc3 Qc7 21. a5 Qa7 22. Bc4 Bc6 23. a6 Bd5 24. Qa5 Rd7 25. b3 Rc7 26. Bxd5 exd5 27. Rxd5 Rxb3 28. Qxc7 Qxc7 29. a7 Rb1+ 30. Rxb1 Qxa7 31. Rd2 Qe7 32. Rc1 h5 33. h4 g5 34. hxg5 Qxg5 35. Rdc2 Qe7 36. Rxc5 Qxe2 37. R1c4 Kg7 38. Rf4 Qd1+ 39. Kg2 Kg6 40. Rcf5 h4 41. Rf6+ Kg7 42. Rxf7+ Kg6 43. R4f6+ Kh5 44. Rh7+ Kg5 45. Rf3 hxg3 46. Rxg3+ Kf6 47. Rf3+ Kg6 48. Rhh3 Qd5 49. Rhg3+ Kh6 50. Kh2 Qd6 51. Rf5 Qc7 52. Rf6+ Kh7 53. Kg1 Qe5 54. Rff3 Qe1+ 55. Kh2 Qe5 56. Re3 Qd6 57. Re4 Qf6 58. Rh4+ Qxh4+ 59. Rh3 Qxh3+ 60. Kxh3 1-0

[Event "St Petersburg-ch Seniors Rapid"]
[Site "St Petersburg"]
[Date "2022.10.04"]
[Round "7"]
[White "Mamoshin, Valery"]
[Black "Ponfilenok, Vladimir"]
[Result "0-1"]
[WhiteElo "2142"]
[BlackElo "2198"]
[PlyCount "56"]
[EventDate "2022.10.03"]
[EventType "swiss (rapid)"]
[EventRounds "10"]
[EventCountry "RUS"]
[SourceTitle "EXT 2024"]
[Source "ChessBase"]
[SourceDate "2023.10.10"]
[SourceVersion "1"]
[SourceVersionDate "2023.10.10"]
[SourceQuality "1"]

1. e4 e6 2. d4 d5 3. Nd2 c5 4. Ngf3 Nc6 5. exd5 exd5 6. dxc5 Bxc5 7. Nb3 Bb6 8. c3 Nf6 9. Be2 0-0 10. 0-0 Re8 11. Bg5 h6 12. Bh4 g5 13. Bg3 Ne4 14. Nfd4 Qf6 15. Bb5 Bd7 16. Kh1 a6 17. Ba4 Rad8 18. Nxc6 bxc6 19. Nd4 c5 20. Bxd7 Rxd7 21. Nc2 d4 22. Ne3 Qe6 23. cxd4 cxd4 24. Nc2 d3 25. Na3 d2 26. f4 Rd3 27. fxg5 Rxg3 28. hxg3 hxg5 0-1

[Event "St Petersburg-ch Seniors Rapid"]
[Site "St Petersburg"]
[Date "2022.10.04"]
[Round "6"]
[White "Ponfilenok, Vladimir"]
[Black "Bryndin, Vladimir"]
[Result "1-0"]
[WhiteElo "2198"]
[BlackElo "2122"]
[PlyCount "66"]
[EventDate "2022.10.03"]
[EventType "swiss (rapid)"]
[EventRounds "10"]
[EventCountry "RUS"]
[SourceTitle "EXT 2024"]
[Source "ChessBase"]
[SourceDate "2023.10.10"]
[SourceVersion "1"]
[SourceVersionDate "2023.10.10"]
[SourceQuality "1"]

1. d4 g6 2. e4 Bg7 3. Nc3 d6 4. Nf3 a6 5. a4 b6 6. Bc4 e6 7. 0-0 Ne7 8. Bf4 0-0 9. Qd2 Re8 10. Bh6 Bh8 11. h4 Nbc6 12. Rad1 d5 13. Bb3 Na5 14. Ba2 Bb7 15. Rfe1 Nc4 16. Bxc4 dxc4 17. Qf4 Nc8 18. e5 Ne7 19. Bg5 Qd7 20. Bxe7 Rxe7 21. h5 Rf8 22. Ng5 f6 23. exf6 Rxf6 24. Qe3 gxh5 25. d5 e5 26. Qe2 Qg4 27. Nce4 Rg6 28. f3 Qf5 29. Qxc4 Kf8 30. Ne6+ Rexe6 31. dxe6 Qxf3 32. Rd2 Bf6 33. Qxc7 Ke8 1-0

[Event "St Petersburg-ch Seniors Rapid"]
[Site "St Petersburg"]
[Date "2022.10.04"]
[Round "8"]
[White "Ponfilenok, Vladimir"]
[Black "Klots, Leonid"]
[Result "1-0"]
[WhiteElo "2198"]
[BlackElo "1850"]
[PlyCount "62"]
[EventDate "2022.10.03"]
[EventType "swiss (rapid)"]
[EventRounds "10"]
[EventCountry "RUS"]
[SourceTitle "EXT 2024"]
[Source "ChessBase"]
[SourceDate "2023.10.10"]
[SourceVersion "1"]
[SourceVersionDate "2023.10.10"]
[SourceQuality "1"]

1. d4 Nf6 2. Bg5 Ne4 3. Bf4 d5 4. e3 c5 5. Nd2 Nxd2 6. Qxd2 cxd4 7. exd4 Nc6 8. Nf3 Bf5 9. Bd3 Bxd3 10. Qxd3 e6 11. 0-0 Bd6 12. Bxd6 Qxd6 13. c3 a6 14. Rae1 h6 15. Nh4 0-0-0 16. b4 Na7 17. a4 Kb8 18. Nf3 Rc8 19. Ra1 f6 20. Nd2 e5 21. dxe5 fxe5 22. Ne4 Qc6 23. Nc5 Rhd8 24. Qg3 Qf6 25. Rfe1 b6 26. Rxe5 Ka8 27. Re6 Qg5 28. Qxg5 hxg5 29. Rxb6 d4 30. cxd4 Rxd4 31. Nxa6 Rcd8 1-0

[Event "St Petersburg-ch Seniors"]
[Site "St Petersburg"]
[Date "2022.10.01"]
[Round "8"]
[White "Zhelnin, Vladimir V"]
[Black "Ponfilenok, Vladimir"]
[Result "0-1"]
[WhiteElo "2344"]
[BlackElo "2298"]
[PlyCount "112"]
[EventDate "2022.09.24"]
[EventType "swiss"]
[EventRounds "9"]
[EventCountry "RUS"]
[SourceTitle "CBM 210 Extra"]
[Source "ChessBase"]
[SourceDate "2022.11.30"]
[SourceVersion "1"]
[SourceVersionDate "2022.11.30"]
[SourceQuality "1"]

1. e4 e6 2. Nc3 d5 3. Nf3 d4 4. Ne2 c5 5. Ng3 a6 6. d3 Nc6 7. Be2 Nf6 8. 0-0 Bd6 9. Nd2 Qc7 10. Nc4 Bf4 11. a4 e5 12. Nf5 Bxf5 13. exf5 0-0 14. Bf3 b5 15. Nd2 Bxh2+ 16. Kxh2 e4+ 17. Kg1 exf3 18. Qxf3 Rac8 19. axb5 axb5 20. Nb3 c4 21. Bf4 Qd7 22. dxc4 bxc4 23. Na5 Nb4 24. Rfc1 Rfe8 25. Bd2 Nbd5 26. Bg5 Re5 27. Bxf6 Nxf6 28. Rd1 Rxf5 29. Qb7 Qxb7 30. Nxb7 Rd5 31. Ra5 Rd7 32. Nc5 Rd6 33. b3 Rd5 34. Nb7 d3 35. Rxd5 Nxd5 36. cxd3 Nc3 37. Rd2 cxb3 38. Na5 Rb8 39. Rb2 Ne2+ 40. Kf1 Nd4 41. Ke1 Ra8 42. Nc4 Ra2 43. Kd2 Rxb2+ 44. Nxb2 Nb5 45. Na4 h5 46. Kc1 h4 47. Kb2 Nd4 48. Nc5 f5 49. f4 Kf7 50. Nd7 Ne2 51. Ne5+ Kf6 52. Nf3 Nxf4 53. Nxh4 Nxd3+ 54. Kxb3 Ne1 55. Kc3 Kg5 56. g3 f4 0-1

[Event "St Petersburg-ch Seniors"]
[Site "St Petersburg"]
[Date "2022.09.28"]
[Round "5"]
[White "Ponfilenok, Vladimir"]
[Black "Ionov, Sergey"]
[Result "0-1"]
[WhiteElo "2298"]
[BlackElo "2513"]
[PlyCount "100"]
[EventDate "2022.09.24"]
[EventType "swiss"]
[EventRounds "9"]
[EventCountry "RUS"]
[SourceTitle "CBM 210 Extra"]
[Source "ChessBase"]
[SourceDate "2022.11.30"]
[SourceVersion "1"]
[SourceVersionDate "2022.11.30"]
[SourceQuality "1"]

1. d4 Nf6 2. c4 e6 3. g3 Bb4+ 4. Bd2 Be7 5. Bg2 d5 6. Nf3 0-0 7. 0-0 Nbd7 8. Qc2 c6 9. Bf4 a5 10. Rd1 a4 11. Ne5 Qa5 12. Nc3 Nxe5 13. dxe5 Nd7 14. cxd5 exd5 15. e4 dxe4 16. Qxe4 Nc5 17. Qe3 Bg4 18. Bf3 Bxf3 19. Qxf3 Qb4 20. Rab1 Rfd8 21. a3 Qc4 22. h4 h6 23. Rxd8+ Rxd8 24. Rd1 Rxd1+ 25. Nxd1 Ne6 26. Be3 Qb5 27. Qg4 Kf8 28. f4 Bc5 29. Bxc5+ Qxc5+ 30. Kf1 Qd4 31. Nc3 g6 32. Qe2 Nc5 33. Qd1 Qxd1+ 34. Nxd1 Ke7 35. Ke2 Ke6 36. Ne3 h5 37. Kf3 b5 38. g4 hxg4+ 39. Kxg4 Nd3 40. Kg5 Nxb2 41. f5+ Kxe5 42. fxg6 fxg6 43. Kxg6 Nd3 44. Ng2 Nf4+ 45. Nxf4 Kxf4 46. h5 b4 47. h6 b3 48. h7 b2 49. h8Q b1Q+ 50. Kf7 Qf5+ 0-1

[Event "St Petersburg-ch Seniors"]
[Site "St Petersburg"]
[Date "2022.09.26"]
[Round "3"]
[White "Ponfilenok, Vladimir"]
[Black "Balashov, Yuri S"]
[Result "1-0"]
[WhiteElo "2298"]
[BlackElo "2395"]
[PlyCount "61"]
[EventDate "2022.09.24"]
[EventType "swiss"]
[EventRounds "9"]
[EventCountry "RUS"]
[SourceTitle "CBM 210 Extra"]
[Source "ChessBase"]
[SourceDate "2022.11.30"]
[SourceVersion "1"]
[SourceVersionDate "2022.11.30"]
[SourceQuality "1"]

1. d4 f5 2. Bg5 h6 3. Bh4 g5 4. e3 Nf6 5. Bg3 d6 6. Nc3 e6 7. h4 Rg8 8. Qd2 Qe7 9. 0-0-0 Nc6 10. Bb5 a6 11. Bxc6+ bxc6 12. hxg5 hxg5 13. f3 Bb7 14. Nge2 0-0-0 15. Kb1 c5 16. Na4 Qd7 17. b3 cxd4 18. Qxd4 Nd5 19. e4 Ne7 20. Rh7 Qc6 21. Qa7 Bg7 22. Nd4 Qd7 23. Rxg7 Rxg7 24. Rd3 Rdg8 25. Rc3 Nc6 26. Nxc6 Bxc6 27. Qxa6+ Bb7 28. Nb6+ Kd8 29. Qxb7 cxb6 30. Qxb6+ Ke8 31. Bxd6 1-0

[Event "Nezhmetdinov Memorial 44th"]
[Site "Kazan"]
[Date "2022.05.29"]
[Round "3"]
[White "Ponfilenok, Vladimir"]
[Black "Yeletsky, Ivan"]
[Result "0-1"]
[WhiteElo "2307"]
[BlackElo "2461"]
[PlyCount "124"]
[EventDate "2022.05.27"]
[EventType "swiss"]
[EventRounds "9"]
[EventCountry "RUS"]
[SourceTitle "CBM 208 Extra"]
[Source "ChessBase"]
[SourceDate "2022.07.31"]
[SourceVersion "1"]
[SourceVersionDate "2022.07.31"]
[SourceQuality "1"]

1. d4 d5 2. Nf3 Nf6 3. c4 c6 4. e3 Bf5 5. Nc3 e6 6. Nh4 Be4 7. f3 Bg6 8. Bd2 Be7 9. Nxg6 hxg6 10. Qc2 0-0 11. Be2 dxc4 12. Bxc4 a6 13. Ne4 Nbd7 14. 0-0 c5 15. Rad1 b5 16. Be2 cxd4 17. exd4 Qb6 18. Be3 Nd5 19. Bf2 Rac8 20. Qb3 Qc6 21. Bd3 Nf4 22. Rfe1 Nxd3 23. Rxd3 Nb6 24. Rc3 Qd7 25. Nc5 Bxc5 26. dxc5 Nd5 27. Rc2 Ne7 28. Qa3 Nc6 29. b4 Rfd8 30. Qb2 Qa7 31. Rd2 Rxd2 32. Qxd2 Rd8 33. Qc3 Rd5 34. Bg3 a5 35. bxa5 b4 36. Qb3 Rd2 37. Qc4 Rd5 38. Bf2 Qxa5 39. Qc2 Qa7 40. h3 Qd7 41. Be3 Rd3 42. Qc4 Ra3 43. Kh2 Qd5 44. Qxd5 exd5 45. Re2 f6 46. Bc1 Rc3 47. Bf4 Kf7 48. Bd6 d4 49. Kg3 d3 50. Rd2 Na5 51. Rd1 Nc4 52. Bf4 g5 53. Bd2 Rc2 54. Bxb4 Ne3 55. Rg1 Rxa2 56. c6 Ke6 57. Bc5 Nf5+ 58. Kh2 Rc2 59. Bb4 Rxc6 60. Rd1 Rc4 61. Ba5 Rd4 62. Bb6 Rb4 0-1

[Event "Chigorin Memorial 27th"]
[Site "St Petersburg"]
[Date "2019.10.09"]
[Round "5"]
[White "Ponfilenok, Vladimir"]
[Black "Gordon, Evgeny"]
[Result "1-0"]
[WhiteElo "2348"]
[BlackElo "2030"]
[PlyCount "93"]
[EventDate "2019.10.05"]
[EventType "swiss"]
[EventRounds "9"]
[EventCountry "RUS"]
[SourceTitle "EXT 2020"]
[Source "ChessBase"]
[SourceDate "2019.10.17"]
[SourceVersion "1"]
[SourceVersionDate "2019.10.17"]
[SourceQuality "1"]

1. d4 d5 2. c4 e6 3. Nf3 Be7 4. g3 Nf6 5. Bg2 0-0 6. 0-0 dxc4 7. Qc2 a6 8. a4 Bd7 9. Qxc4 Bc6 10. Bg5 a5 11. Nc3 Nbd7 12. Qd3 h6 13. Bxf6 Bxf6 14. e4 Ne5 15. Nxe5 Bxe5 16. Rfd1 Bd6 17. Nb5 Bb4 18. Rac1 Ra6 19. Qc4 Rb6 20. Nc3 Bxc3 21. bxc3 Qd7 22. Ra1 Qd6 23. h4 Rd8 24. Rdb1 Rxb1+ 25. Rxb1 Qd7 26. e5 Bxg2 27. Kxg2 b6 28. Qb5 Qxb5 29. Rxb5 Rb8 30. Kf3 c6 31. Rb1 Kf8 32. Ke4 Ke7 33. c4 Kd7 34. f4 Kc7 35. g4 b5 36. cxb5 cxb5 37. axb5 Kb6 38. d5 exd5+ 39. Kxd5 Rc8 40. f5 Rd8+ 41. Ke4 Rd2 42. e6 fxe6 43. fxe6 a4 44. Re1 Kc7 45. b6+ Kd6 46. Rb1 Re2+ 47. Kd3 1-0

[Event "Nezhmetdinov Memorial 40th"]
[Site "Kazan"]
[Date "2018.09.16"]
[Round "4"]
[White "Volkov, Roman"]
[Black "Ponfilenok, Vladimir"]
[Result "0-1"]
[WhiteElo "2065"]
[BlackElo "2353"]
[PlyCount "70"]
[EventDate "2018.09.13"]
[EventType "swiss"]
[EventRounds "9"]
[EventCountry "RUS"]
[SourceTitle "CBM 186 Extra"]
[Source "ChessBase"]
[SourceDate "2018.08.24"]
[SourceVersion "1"]
[SourceVersionDate "2018.08.24"]
[SourceQuality "1"]

1. e4 e6 2. d4 d5 3. e5 c5 4. c3 Nc6 5. Nf3 Bd7 6. Be2 f6 7. 0-0 fxe5 8. Nxe5 Nxe5 9. dxe5 Qc7 10. Re1 Ne7 11. Nd2 0-0-0 12. Nf3 h6 13. c4 d4 14. b4 Nc6 15. bxc5 Bxc5 16. Bd3 Rhf8 17. Rb1 Ne7 18. Nd2 Nc6 19. Ne4 Nxe5 20. Nxc5 Qxc5 21. Qb3 Bc6 22. Be4 Qxc4 23. Qd1 Bxe4 24. Rxe4 Nc6 25. Ba3 Rf7 26. Qe1 Qxa2 27. Ra1 Qd5 28. Rxe6 d3 29. Re8 d2 30. Rxd8+ Kxd8 31. Qf1 Rd7 32. Rd1 Qa5 33. Bb2 Qb4 34. Ba1 Kc7 35. Rb1 Qxb1 0-1

[Event "Chigorin Memorial 25th"]
[Site "St Petersburg"]
[Date "2017.10.26"]
[Round "6"]
[White "Savchenko, Boris"]
[Black "Ponfilenok, Vladimir"]
[Result "1-0"]
[WhiteElo "2585"]
[BlackElo "2350"]
[PlyCount "69"]
[EventDate "2017.10.21"]
[EventType "swiss"]
[EventRounds "9"]
[EventCountry "RUS"]
[SourceTitle "CBM 181 Extra"]
[Source "ChessBase"]
[SourceDate "2017.12.12"]
[SourceVersion "1"]
[SourceVersionDate "2017.12.12"]
[SourceQuality "1"]

1. d4 e6 2. e4 d5 3. Nc3 Bb4 4. a3 Bxc3+ 5. bxc3 dxe4 6. Qg4 Nf6 7. Qxg7 Rg8 8. Qh6 c5 9. Ne2 Bd7 10. Bg5 Rg6 11. Qh4 Bc6 12. d5 exd5 13. Nf4 Rxg5 14. Qxg5 Nbd7 15. Be2 Qa5 16. Qg3 0-0-0 17. 0-0 Rg8 18. Qh3 Qc7 19. Nh5 Qe5 20. Nxf6 Qxf6 21. a4 Kc7 22. Bb5 Ne5 23. Kh1 h5 24. Bxc6 bxc6 25. a5 Rg4 26. a6 Rf4 27. Rab1 Ng4 28. Kg1 Kd6 29. f3 Ne3 30. Qc8 Nxf1 31. Rb7 exf3 32. Qe8 c4 33. Rd7+ Kc5 34. Qf8+ Kb6 35. Qb4+ 1-0

[Event "Chigorin Memorial 25th"]
[Site "St Petersburg"]
[Date "2017.10.25"]
[Round "5"]
[White "Ponfilenok, Vladimir"]
[Black "Mikaelyan, Arman"]
[Result "0-1"]
[WhiteElo "2350"]
[BlackElo "2503"]
[PlyCount "112"]
[EventDate "2017.10.21"]
[EventType "swiss"]
[EventRounds "9"]
[EventCountry "RUS"]
[SourceTitle "CBM 181 Extra"]
[Source "ChessBase"]
[SourceDate "2017.12.12"]
[SourceVersion "1"]
[SourceVersionDate "2017.12.12"]
[SourceQuality "1"]

1. d4 Nf6 2. c4 g6 3. Nf3 Bg7 4. g3 0-0 5. Bg2 d6 6. 0-0 Nbd7 7. Nc3 e5 8. e4 exd4 9. Nxd4 Re8 10. h3 Nc5 11. Re1 a5 12. Ndb5 Bd7 13. Bf4 Nh5 14. Be3 Qc8 15. g4 Nf6 16. Bxc5 Bxb5 17. cxb5 dxc5 18. e5 Nd7 19. f4 g5 20. Be4 Nf8 21. Qf3 Rb8 22. Bf5 Ne6 23. Rad1 gxf4 24. Nd5 c6 25. Nxf4 cxb5 26. Nh5 Qc7 27. Qe3 Qe7 28. Rd6 Qxd6 29. exd6 Bd4 30. Nf6+ Kg7 31. Nxe8+ Rxe8 32. Qxd4+ cxd4 33. Re5 Rd8 34. Bxe6 Kf6 35. Rxb5 fxe6 36. g5+ Kg6 37. Re5 Rxd6 38. Kf2 Kh5 39. Ke2 Kh4 40. Rb5 b6 41. a4 Kg3 42. g6 hxg6 43. Rg5+ Kf4 44. Rxg6 Kf5 45. Rh6 Kg5 46. Rh8 d3+ 47. Kd2 e5 48. Rf8 e4 49. Rf1 Rc6 50. Ke3 Rc4 51. b3 Rb4 52. Rf8 Kh4 53. Rh8+ Kg3 54. h4 Rd4 55. Rg8+ Kh2 56. Rf8 d2 0-1

[Event "Chigorin Memorial 25th"]
[Site "St Petersburg"]
[Date "2017.10.21"]
[Round "1"]
[White "Kairbekova, Amina"]
[Black "Ponfilenok, Vladimir"]
[Result "1/2-1/2"]
[WhiteElo "1916"]
[BlackElo "2350"]
[PlyCount "109"]
[EventDate "2017.10.21"]
[EventType "swiss"]
[EventRounds "9"]
[EventCountry "RUS"]
[SourceTitle "CBM 181 Extra"]
[Source "ChessBase"]
[SourceDate "2017.12.12"]
[SourceVersion "1"]
[SourceVersionDate "2017.12.12"]
[SourceQuality "1"]

1. e4 e6 2. d4 d5 3. e5 c5 4. c3 Nc6 5. Nf3 Qb6 6. a3 c4 7. Nbd2 Bd7 8. b3 cxb3 9. Nxb3 Na5 10. Nxa5 Qxa5 11. Bb2 Ba4 12. Qd2 b5 13. Bd3 Be7 14. 0-0 Nh6 15. Qf4 0-0 16. Ng5 Bxg5 17. Qxg5 Qd8 18. Qh5 f5 19. exf6 Qxf6 20. Bc1 Nf5 21. Qe2 Rac8 22. Bd2 a6 23. Rae1 Rce8 24. Qe5 Bb3 25. Qxf6 Rxf6 26. Re5 Bc4 27. Bxc4 bxc4 28. Rb1 Nd6 29. f3 h6 30. Ree1 Nf7 31. Rb7 Kf8 32. Ra7 e5 33. dxe5 Nxe5 34. f4 Nd3 35. Rxe8+ Kxe8 36. Rxg7 Rb6 37. Kf1 d4 38. cxd4 Rb2 39. Ke2 Nxf4+ 40. Ke3 Nd5+ 41. Ke4 Nf6+ 42. Ke3 Nd5+ 43. Ke4 Nf6+ 44. Ke3 h5 45. h3 Nd5+ 46. Ke4 Nf6+ 47. Kf5 Rxd2 48. Kxf6 Rxd4 49. Ke5 Rd2 50. Rc7 Rxg2 51. Rxc4 Rg3 52. Ra4 Rxh3 53. Rxa6 Kd7 54. Kf5 Rg3 55. Rh6 1/2-1/2

[Event "Nezhmetdinov Memorial 39th"]
[Site "Kazan"]
[Date "2017.06.04"]
[Round "5"]
[White "Kharmunova, Nadezhda"]
[Black "Ponfilenok, Vladimir"]
[Result "1/2-1/2"]
[WhiteElo "2137"]
[BlackElo "2375"]
[PlyCount "142"]
[EventDate "2017.05.31"]
[EventType "swiss"]
[EventRounds "9"]
[EventCountry "RUS"]
[SourceTitle "EXT 2018"]
[Source "ChessBase"]
[SourceDate "2017.10.13"]
[SourceVersion "1"]
[SourceVersionDate "2017.10.13"]
[SourceQuality "1"]

1. d4 e6 2. c4 f5 3. g3 Nf6 4. Bg2 d5 5. Nd2 c6 6. Ngf3 Bd6 7. 0-0 0-0 8. b3 Qe7 9. Bb2 b6 10. Ne5 Bb7 11. cxd5 cxd5 12. Rc1 a5 13. Nb1 b5 14. Nc3 Ba6 15. a4 Qb7 16. axb5 Bxb5 17. Nxb5 Qxb5 18. Nd3 Na6 19. Qd2 Ne4 20. Qe3 Qxb3 21. Rc6 Nb4 22. Rxd6 Nxd6 23. Qxe6+ Nf7 24. Bc1 Rae8 25. Qxf5 Ne5 26. Qh5 Nexd3 27. exd3 g6 28. Qh4 Qxd3 29. Bh6 Rf5 30. Bh3 Qe4 31. Qxe4 Rxe4 32. Bxf5 gxf5 33. Ra1 Nc6 34. Bd2 Nxd4 35. Bxa5 f4 36. gxf4 Rxf4 37. Bb6 Nf3+ 38. Kg2 Kf7 39. Kg3 Rf5 40. Be3 Rf6 41. Ra7+ Kg6 42. Rd7 d4 43. Bf4 Ng1 44. Be5 Ne2+ 45. Kg2 Rf5 46. Bxd4 Nxd4 47. Rxd4 Ra5 48. Kg3 Ra6 49. Kg4 Ra2 50. Rd6+ Kg7 51. Kg3 Ra3+ 52. f3 Ra4 53. h3 Rb4 54. Re6 Ra4 55. Re4 Ra1 56. Kg4 Ra5 57. Re7+ Kg6 58. Re6+ Kf7 59. Rd6 Ra1 60. f4 Ra5 61. h4 h5+ 62. Kf3 Ra3+ 63. Ke4 Rh3 64. Ke5 Rxh4 65. Rd7+ Kf8 66. f5 Ra4 67. Kf6 Ra6+ 68. Kg5 h4 69. Kxh4 Rb6 70. Kg5 Ra6 71. f6 Ra1 1/2-1/2

[Event "Chigorin Memorial 24th"]
[Site "St Petersburg"]
[Date "2016.10.17"]
[Round "3"]
[White "Ponfilenok, Vladimir"]
[Black "Yeritsyan, Aram"]
[Result "1-0"]
[WhiteElo "2390"]
[BlackElo "2114"]
[PlyCount "137"]
[EventDate "2016.10.15"]
[EventType "swiss"]
[EventRounds "9"]
[EventCountry "RUS"]
[SourceTitle "CBM 175 Extra"]
[Source "ChessBase"]
[SourceDate "2016.12.12"]
[SourceVersion "1"]
[SourceVersionDate "2016.12.12"]
[SourceQuality "1"]

1. d4 Nf6 2. c4 e6 3. g3 Bb4+ 4. Bd2 Qe7 5. Bg2 0-0 6. e4 e5 7. dxe5 Bxd2+ 8. Qxd2 Qxe5 9. Nc3 d6 10. Nge2 Nc6 11. 0-0 Bg4 12. f3 Qc5+ 13. Kh1 Be6 14. b3 a5 15. Nf4 Ne5 16. Rad1 Qb4 17. Nb5 Rfc8 18. Nxe6 Qxd2 19. Rxd2 fxe6 20. f4 Nc6 21. Bh3 Kf7 22. e5 Ne8 23. exd6 Nxd6 24. Re1 Nd8 25. Nxd6+ cxd6 26. Rxd6 Rc7 27. a4 Re7 28. Re5 Kf6 29. Rf5+ Kg6 30. Rb5 Kf7 31. Bg2 Rc7 32. Rdb6 Ra7 33. f5 Nc6 34. fxe6+ Kxe6 35. Rc5 Kd6 36. Rbb5 g6 37. Rd5+ Ke7 38. Bf3 Rd7 39. Kg2 Rxd5 40. cxd5 Nd8 41. Rb6 Ra6 42. Rb5 Kd6 43. Kf2 b6 44. Be2 Nb7 45. b4 Kc7 46. Ke3 axb4 47. Rxb4 Ra5 48. Rh4 h5 49. Bd3 Rxd5 50. Bxg6 Nc5 51. Bxh5 Rd3+ 52. Ke2 Ra3 53. Be8 Ra2+ 54. Ke3 Ra1 55. Bb5 Kd6 56. Rh6+ Ke5 57. Kf3 Ra3+ 58. Kg4 Nxa4 59. Bxa4 Rxa4+ 60. Kg5 Rb4 61. h4 Rb3 62. g4 Rb4 63. h5 Rb5 64. Rf6 Rb2 65. Kg6 b5 66. h6 Rh2 67. Rf5+ Ke6 68. h7 b4 69. Rh5 1-0

[Event "Tatarstan-ch"]
[Site "Kazan"]
[Date "2016.09.24"]
[Round "9"]
[White "Toropov, Pavel"]
[Black "Ponfilenok, Vladimir"]
[Result "1/2-1/2"]
[WhiteElo "2349"]
[BlackElo "2390"]
[PlyCount "151"]
[EventDate "2016.09.16"]
[EventType "swiss"]
[EventRounds "9"]
[EventCountry "RUS"]
[SourceTitle "CBM 174 Extra"]
[Source "ChessBase"]
[SourceDate "2016.10.10"]
[SourceVersion "1"]
[SourceVersionDate "2016.10.10"]
[SourceQuality "1"]

1. c4 e6 2. Nf3 f5 3. b3 Nf6 4. Bb2 Be7 5. g3 0-0 6. Bg2 d6 7. 0-0 e5 8. Nc3 c6 9. d3 Qe8 10. Rc1 Qh5 11. c5 Nbd7 12. cxd6 Bxd6 13. b4 Kh8 14. b5 c5 15. a4 Re8 16. a5 Rb8 17. b6 axb6 18. axb6 Bf8 19. Qb3 e4 20. dxe4 fxe4 21. Nh4 Ra8 22. Ra1 c4 23. Qxc4 Nxb6 24. Qb3 Rxa1 25. Bxa1 Qc5 26. Rb1 Nbd5 27. Nb5 Nb4 28. Nd4 Nc6 29. e3 Ne5 30. Bf1 g5 31. Ng2 Bg7 32. Be2 Nfg4 33. Bb2 Qf8 34. Bxg4 Nxg4 35. Qc2 Qf7 36. h4 h6 37. Rf1 Qg6 38. f4 Qb6 39. hxg5 hxg5 40. fxg5 Qg6 41. Nf4 Qxg5 42. Qe2 Ne5 43. Qh5+ Qxh5 44. Nxh5 Nf3+ 45. Kf2 Be5 46. Nf4 Kg7 47. Rb1 Nd2 48. Rc1 Nb3 49. Nde6+ Kf6 50. Bxe5+ Kxe5 51. Rc3 Bxe6 52. Nxe6 Rxe6 53. Rxb3 b6 54. Rb5+ Kf6 55. g4 Kg6 56. Kg2 Kg7 57. Rb4 Kf7 58. Kg3 Kf6 59. Kf4 Kg6 60. Rb5 Kf6 61. g5+ Kg6 62. Kg4 Rc6 63. Re5 Rd6 64. Rxe4 b5 65. Kf4 Rc6 66. Re8 Rb6 67. Rh8 Kg7 68. Rh2 b4 69. Kf5 b3 70. Rb2 Rb5+ 71. Ke6 Kg6 72. e4 Kxg5 73. Kd6 Rb6+ 74. Kc5 Rb8 75. e5 Kf5 76. Kd6 1/2-1/2

[Event "Tatarstan-ch"]
[Site "Kazan"]
[Date "2016.09.19"]
[Round "4"]
[White "Ponfilenok, Vladimir"]
[Black "Rodchenkov, Vitaly"]
[Result "1-0"]
[WhiteElo "2390"]
[BlackElo "2312"]
[PlyCount "101"]
[EventDate "2016.09.16"]
[EventType "swiss"]
[EventRounds "9"]
[EventCountry "RUS"]
[SourceTitle "CBM 174 Extra"]
[Source "ChessBase"]
[SourceDate "2016.10.10"]
[SourceVersion "1"]
[SourceVersionDate "2016.10.10"]
[SourceQuality "1"]

1. d4 d6 2. Nf3 Bg4 3. c4 c6 4. Nc3 Nd7 5. e4 Ngf6 6. Be2 e5 7. 0-0 Be7 8. Be3 0-0 9. Qd2 Bh5 10. Rad1 Bg6 11. dxe5 dxe5 12. Ne1 Nc5 13. f3 a5 14. Nd3 Nfd7 15. Qc2 Qc7 16. Na4 Nxa4 17. Qxa4 b6 18. Rd2 Rfd8 19. Rfd1 f6 20. Qc2 Bf7 21. b3 Nf8 22. Nb2 Ne6 23. Na4 Nd4 24. Bxd4 exd4 25. Rxd4 Rxd4 26. Rxd4 Qa7 27. c5 b5 28. Nb6 Rd8 29. Rxd8+ Bxd8 30. Nc8 Qd7 31. Nd6 Be7 32. Qd3 Qa7 33. Qd4 Kf8 34. f4 a4 35. bxa4 b4 36. e5 Qxa4 37. Bc4 Bxc4 38. Qxc4 Qd1+ 39. Kf2 Qd2+ 40. Kf3 Qd1+ 41. Kg3 Qe1+ 42. Kg4 Qd1+ 43. Kf5 Qh5+ 44. Ke6 Qg4+ 45. f5 Qxc4+ 46. Nxc4 fxe5 47. Nxe5 Ke8 48. Nd3 Bf8 49. g4 Be7 50. Nxb4 Bxc5 51. Nxc6 1-0

[Event "Nezhmetdinov Memorial 38th"]
[Site "Kazan"]
[Date "2016.06.07"]
[Round "8"]
[White "Ponfilenok, Vladimir"]
[Black "Kharchenko, Boris"]
[Result "1/2-1/2"]
[WhiteElo "2395"]
[BlackElo "2467"]
[PlyCount "72"]
[EventDate "2016.05.31"]
[EventType "swiss"]
[EventRounds "9"]
[EventCountry "RUS"]
[SourceTitle "CBM 172 Extra"]
[Source "ChessBase"]
[SourceDate "2016.06.21"]
[SourceVersion "1"]
[SourceVersionDate "2016.06.21"]
[SourceQuality "1"]

1. d4 d5 2. Nf3 Nf6 3. c4 c6 4. e3 a6 5. Bd3 Bg4 6. Nbd2 Nbd7 7. Qc2 dxc4 8. Bxc4 e6 9. 0-0 c5 10. Ne5 cxd4 11. Nxg4 Nxg4 12. exd4 Qc7 13. g3 Ngf6 14. Qd3 Bd6 15. Bb3 0-0 16. Ne4 Nxe4 17. Qxe4 Nf6 18. Qf3 Rad8 19. Be3 Be7 20. Rac1 Qd7 21. Rc2 Rc8 22. Rfc1 Rxc2 23. Rxc2 Rc8 24. Rxc8+ Qxc8 25. d5 Nxd5 26. Bxd5 exd5 27. Qxd5 Bf6 28. b3 g6 29. Qd6 Bg7 30. h4 h5 31. Bd4 Bxd4 32. Qxd4 Qc1+ 33. Kg2 Qc6+ 34. Kg1 Qc1+ 35. Kg2 Qc6+ 36. Kg1 Qc1+ 1/2-1/2

[Event "Chigorin Memorial 23rd"]
[Site "St Petersburg"]
[Date "2015.10.11"]
[Round "9"]
[White "Maletin, Pavel"]
[Black "Ponfilenok, Vladimir"]
[Result "1-0"]
[WhiteElo "2581"]
[BlackElo "2395"]
[PlyCount "53"]
[EventDate "2015.10.03"]
[EventType "swiss"]
[EventRounds "9"]
[EventCountry "RUS"]
[SourceTitle "CBM 168 Extra"]
[Source "ChessBase"]
[SourceDate "2015.10.29"]
[SourceVersion "1"]
[SourceVersionDate "2015.10.29"]
[SourceQuality "1"]

1. c4 f5 2. g3 Nf6 3. Bg2 e6 4. Nf3 d5 5. 0-0 Be7 6. b3 d4 7. e3 c5 8. exd4 cxd4 9. d3 Nc6 10. Re1 0-0 11. a3 a5 12. Bf4 Nh5 13. Be5 f4 14. Nbd2 Bf6 15. Qe2 Ra6 16. Bh3 Bxe5 17. Nxe5 Nf6 18. Ndf3 Qd6 19. Nxc6 Rxc6 20. b4 axb4 21. axb4 Qxb4 22. Nxd4 Rd6 23. Qe5 fxg3 24. hxg3 Rfd8 25. Nxe6 Bxe6 26. Bxe6+ Kf8 27. Reb1 1-0